[Event "EU-ch 8th"]
[Site "Dresden"]
[Date "2007.04.07"]
[Round "5"]
[White "Huzman, Alexander"]
[Black "Hera, Imre Jr"]
[Result "1-0"]
[WhiteElo "2591"]
[BlackElo "2477"]
[Annotator "Marin,M"]
[PlyCount "85"]
[EventDate "2007.04.03"]
[EventType "swiss"]
[EventRounds "11"]
[EventCountry "GER"]
[SourceTitle "CBM 118"]
[Source "ChessBase"]
[SourceDate "2007.05.31"]
[SourceVersion "1"]
[SourceVersionDate "2007.05.31"]
[SourceQuality "1"]

1. d4 Nf6 2. c4 e6 3. g3 d5 4. Nf3 Be7 5. Bg2 O-O 6. O-O c6 7. Qc2 b6 8. b3
Nbd7 9. Rd1 Ba6 10. a4 $5 {This plan is usually played with the queen's bishop
on d2 already (arising from the ...Bb4+ followed by ...Be7 lines). The
difference is easy to spot: from d2, the bishop is ready to exploit the
eventual weaknesses that the contact between the white a-pawn and the black
b-pawn could create in Black's camp.} Rc8 11. Bb2 $5 $146 ({Practice has shown
that} 11. a5 {does not offer White too much.} b5 (11... c5 {Tratar,M (2450)
-Atalik,S (2593)/Nova Gorica 1999/EXT 2002/[Atalik] (1/2-1/2, 58)}) 12. c5 Ne4
{is entirely playable, too.} (12... b4 {This move is possible precisely
because of the minor difference compared to the Bd2-lines, where White could
hope for the eventual transfer of a knight to b4.} 13. Bd2 (13. Bb2 Qc7 14. Ne1
e5 $132 {Tsybulnik,A (2238)-Frolyanov,D (2482)/St Petersburg 2003/EXT 2004 
(0-1, 37)}) (13. e3 e5 14. dxe5 Ne4 $132 {Ilincic,Z (2502)-Papp,G (2477)/
Budapest 2005/CBM 105 ext (0-1, 68)}) 13... Bxe2 14. Re1 Ba6 15. Bxb4 Ne4 16.
Ne5 Nxe5 17. dxe5 Rb8 18. Ba3 f5 19. b4 Qc7 $17 {Hackel,M (2353)-Vaganian,R 
(2617)/Germany 1999/EXT 2000 (0-1, 40)}) 13. b4 {White has to spend a tempo on
this blocking move.} (13. Ne1 $5 {[%cal Ye1d3,Yd3b4]} e5 14. e3 b4 $132) 13...
f5 14. Ne5 Nxe5 15. dxe5 Qe8 16. Ra3 Qh5 $132 {Grunberg,M (2442)-Azarov,S 
(2571)/Dresden GER 2007/TWIC 649 (1/2-1/2, 46)}) 11... c5 12. Na3 Bb7 13. Ne5 {
Positions of this type are not easy to evaluate. The structure is almost
symmetrical, but the difference of placement of the king's bishops slightly
favours White. The d5-square is under greater pressure than the d4-square
while an eventual exchange of the light-squared bishops would leave the b7-
and c6-squares weak and available for the white pieces.} cxd4 {This move
cannot be called a mistake, but one of the reasons why Black lost this game is
that he almost always carried out the exchanges himself. In fact, all these
exchanges look like a series of releases of tension which eventually
accumulated into a minimal but stable advantage for White.} (13... a6 $5 {
[%cal Yd8c7,Yf8d8]}) 14. Bxd4 Nxe5 15. Bxe5 Ng4 16. Bb2 Qc7 (16... Bc5 17. e3
Bxe3 $2 18. fxe3 Nxe3 19. Qc3 $16) 17. e3 ({White probably refrained from the
natural} 17. Rac1 {because of} Bc5 (17... Rfd8 18. cxd5 $14) (17... dxc4 18.
Qxc4 Qxc4 19. Rxc4 Rxc4 20. Nxc4 Bxg2 21. Kxg2 Rd8 22. Rxd8+ Bxd8 23. h3 Nf6
24. Ne5 Bc7 25. Nc6 a6 26. Bxf6 gxf6 27. Kf3 $14 {For this kind of ending, see
the game Kozul-Baramidze from the same issue of CBM.}) 18. e3 Nxe3 19. fxe3
Bxe3+ 20. Kh1 Bxc1 21. Rxc1 dxc4 22. Nxc4 Bxg2+ 23. Qxg2 Rfd8 $13 {[%cal Yf7f6]
}) (17. h3 $5 Nf6 18. Rac1) 17... Rfd8 18. Qe2 (18. Rac1 Bxa3 19. Bxa3 dxc4)
18... Nf6 19. Rac1 dxc4 $6 {Again, this was not necessary. Now White will have
the possibility of playing for a win without the least risk.} (19... Bxa3 20.
Bxa3 Ba6 {would have given the position a double-edged character.}) 20. Rxd8+
Rxd8 21. Nb5 Qb8 22. Rxc4 Bxg2 23. Kxg2 Rc8 24. e4 {Restricting the black
knight.} Rxc4 $6 {Another willing exchange, allowing White to activate his
queen.} (24... a6 $5) 25. Qxc4 h6 (25... Qb7 26. Bxf6 gxf6 $14 {Again this
kind of ending, quite unpleasant for Black.} (26... Bxf6 27. Nxa7 $1 $16)) 26.
Qc6 $14 {Now that he has installed his queen on this comfortable square, White
has a stable advantage.} Bc5 27. Bc3 Ng4 $6 {This counterplay fails to bother
White and will just leave the knight exposed.} 28. b4 $1 Bf8 (28... Bxf2 $2 29.
Nc7 {[%cal Yh2h3]} (29. h3 $2 Qxg3+) (29. e5 {[%cal Yh2h3]} Be3 30. h3 Nxe5 31.
Qe4 Nc4 32. Qxc4 Qb7+ 33. Kh2 Qf3 $44) 29... Be3 30. Kf3 $18) 29. Qc7 $16 Qa8 {
Desperately searching for counterplay.} (29... Qxc7 30. Nxc7 Bd6 31. Nb5 Bb8
32. h3 Nf6 33. Bxf6 gxf6 34. Kf3 $16) 30. f3 Ne3+ {[%csl Ge3]} (30... Nf6 31.
Bxf6 gxf6 32. Nxa7 Bxb4 33. Qxb6 $18 {[%csl Ga4]}) 31. Kg1 f5 32. Bd4 a6 (32...
Nd1 33. Nd6 $40) 33. Na3 Ng4 (33... Nd1 34. Qd7 $40 {[%csl Yd1]} (34. Qc2)) 34.
Nc4 $5 (34. fxg4 Qxe4 35. Nc2 $16) 34... Nf6 35. Nxb6 Qe8 36. Bxf6 gxf6 37. Nd7
$18 Qe7 38. Qc8 Qxb4 39. Nxf8 Qe1+ 40. Kg2 Qe2+ 41. Kh3 Qf1+ 42. Kh4 Qxf3 43.
Nxe6+ 1-0

[Event "Sao Paulo zt 2.4"]
[Site "Sao Paulo"]
[Date "2001.??.??"]
[Round "2"]
[White "Lima, Darcy Gustavo Macha"]
[Black "Pelikian, Jefferson"]
[Result "1-0"]
[WhiteElo "2550"]
[BlackElo "2415"]
[Annotator "Melao,H"]
[PlyCount "79"]
[EventDate "2001.06.07"]
[EventType "tourn"]
[EventRounds "9"]
[EventCountry "BRA"]
[EventCategory "8"]
[SourceTitle "CBM 082 Extra"]
[Source "ChessBase"]
[SourceDate "2001.07.03"]
[SourceVersion "1"]
[SourceVersionDate "2001.07.03"]
[SourceQuality "1"]

1. d4 Nf6 2. c4 e6 3. g3 d5 4. Nf3 c6 5. Qc2 Be7 6. Bg2 O-O 7. O-O Nbd7 8. Rd1
Ne4 9. Nfd2 f5 {a formação Stone-Wall foi muito popular no passado e está
ganhando adeptos novamente. Pode ser jogado tanto pelas Brancas como pelas
Pretas, e consiste basicamente em colocar Peões em 4D, 4BR, 3R, 3BD. As
características dessa estrutura são forte controle sobre o ponto 'e4',
favorecendo a instalação de um Cavalo nessa casa, debilidade no ponto 'e5' e
em praticamente todas as casas Pretas, redução da atividade do BD e
possibilidades de ataque na ala do Rei. Antigamente as Pretas ativavam o BD
com a manobra Bd7-e8-h5, mas nos últimos anos a preferência tem sido por b6,
Bb7 e c5.} 10. Nxe4 fxe4 11. f3 $1 {as Brancas exploram a situação da maneira
mais exata. As Pretas não dispõem de meios de escapar da abertura sem deixar
fraquezas na estrutura de Peões.} (11. b3 Nf6 12. f3 exf3 13. exf3 Bd6 14. Bb2
Qc7 15. f4 Bd7 16. Nd2 Ng4 17. Nf1 Rf6 18. Rac1 Rc8 19. Qe2 e5 20. dxe5 Bc5+
21. Bd4 Qb6 22. Qd2 Rh6 23. cxd5 cxd5 24. Rxc5 Rxc5 25. Bxc5 Qxc5+ 26. Qd4 Qc2
27. Rd2 Qb1 28. Qxd5+ Be6 29. Qd8+ Kf7 30. Rd7+ Kg6 31. Qg5# {1-0 Safira,S-De
Silva,N/Macau 1996/EXT 98 (31)}) 11... exf3 12. Bxf3 $1 $146 (12. exf3 dxc4 13.
Qxc4 Nb6 14. Qe2 Bf6 15. Be3 Nd5 16. Bf2 Ne7 17. Nc3 g6 18. Ne4 Bg7 19. Rd2 Nf5
20. Rad1 Qe7 21. f4 h6 22. h4 Bd7 23. Nc5 Bc8 24. Qc4 g5 25. hxg5 hxg5 26. Re1
gxf4 27. gxf4 Qf7 28. Nxe6 Bxe6 29. Qxe6 Qxe6 30. Rxe6 Rad8 31. d5 Rd7 32. Ree2
Bh6 33. dxc6 Rxd2 34. Rxd2 Bxf4 35. Rd7 bxc6 36. Bxc6 Be3 37. Bxe3 Nxe3 38.
Rxa7 Rf1+ 39. Kh2 Rf2+ 40. Kg3 Rxb2 41. Kf4 Rb6 42. Ba4 Nd5+ 43. Ke5 Nc3 44.
Bd7 Nxa2 45. Rxa2 Kf7 46. Ra7 Ke7 47. Be6+ Kd8 48. Kf6 Rd6 49. Rg7 Rb6 50. Rd7+
Kc8 51. Ke7 Rb7 {1/2-1/2 Vechet,S-Prandstetter,E/CZE-chT 9495 1995/EXT 97 (51)}
) 12... Bd6 13. Nc3 Qe7 14. Bg2 Nf6 ({talvez o melhor plaro para as Pretas
fosse definir imediatamente o centro com} 14... dxc4 15. Ne4 (15. e4 e5) 15...
Bc7 (15... e5 16. Qxc4+ Kh8 17. Bg5 Nf6 18. d5 cxd5 19. Rxd5) 16. Qxc4 Rf5 {
[%csl Gg5]} (16... Nb6 17. Qb3 Nd5 18. Bg5 Qe8 19. Rf1 e5 20. Nc3 $18) (16...
Rf7 17. Bg5) 17. Nc3 {[%cal Ye2e4]} Rf7 18. e4 e5) 15. Bg5 Bb4 16. e4 Bxc3 $2 {
as Pretas inevitavelmente ficarão com Peões débeis, portanto, para
contrabalançar, deveriam lutar para que as Brancas também ficassem com
debilidades. Porém, esse lance reforça 'd4' e deixa as Brancas praticamente
sem debilidades.} 17. bxc3 dxe4 18. Re1 Bd7 19. Rab1 b6 20. Rxe4 h6 21. Bxf6
Rxf6 22. Rf1 Rxf1+ 23. Bxf1 Rf8 24. Bh3 Rf6 25. Re5 Qd6 26. c5 bxc5 27. Rxc5
Qb8 28. Re5 Kf7 29. Bg4 g6 30. Be2 Kg7 31. Bc4 Rf5 32. Re1 Qd6 33. Bd3 Rg5 34.
Qf2 e5 (34... c5 $5) 35. h4 Rg4 (35... Rh5 $142 36. Bc4 Rf5 37. dxe5 $1 $18)
36. Rxe5 c5 (36... Bf5 37. Be2 Re4 38. g4 $18) 37. Bc4 Bf5 38. Qe3 Be4 (38...
g5 39. Qf3 $1 gxh4 40. Qxf5 Rxg3+ 41. Kh1 $18) 39. Be2 cxd4 40. cxd4 1-0

[Event "Khanty-Mansiysk FIDE GP (Women)"]
[Site "Khanty-Mansiysk"]
[Date "2016.11.26"]
[Round "7"]
[White "Ju, Wenjun"]
[Black "Gunina, Valentina"]
[Result "1-0"]
[WhiteElo "2580"]
[BlackElo "2525"]
[Annotator "Mikhalchishin,A"]
[PlyCount "81"]
[EventDate "2016.11.19"]
[EventType "tourn"]
[EventRounds "11"]
[EventCountry "RUS"]
[EventCategory "10"]
[SourceTitle "CBM 176"]
[Source "ChessBase"]
[SourceDate "2017.01.17"]
[SourceVersion "1"]
[SourceVersionDate "2017.01.17"]
[SourceQuality "1"]

1. d4 Nf6 2. c4 e6 3. g3 Bb4+ 4. Bd2 Be7 5. Bg2 d5 6. Nf3 O-O 7. O-O Nbd7 8.
Qc2 c6 9. Rd1 b6 ({Another more solid way was chosen in the last round:} 9...
a5 10. b3 b6 11. Bc3 Bb7 12. Nbd2 c5 13. Ne5 cxd4 14. Bxd4 Nxe5 15. Bxe5 Qc8
16. Qb2 dxc4 17. Bxb7 Qxb7 18. bxc4 Rfd8 19. Rab1 Qc6 {1/2 Ju Wenjun (CHN)
-Pogonina Natalija (RUS)/Khanty-Mansyisk 2016 (31)}) 10. Bf4 Ba6 11. cxd5 cxd5
12. Ne5 Nxe5 ({Some players prefer to introduce the rook into the game:} 12...
Rc8 13. Nc6 Nh5 (13... Qe8 {is weaker:} 14. Nxe7+ Qxe7 15. Nc3 Nh5 16. Be3 Bc4
17. b3 Ba6 18. a4 f5 (18... Qb4 $1) 19. Bc1 Qb4 20. Na2 Qd6 21. Qd2 Bb7 22. Nc3
Qb8 23. Ba3 {Bacrot,E (2723)-Ibrahimov,R (2538)/Basel 2011/EXT 2012 (3), with
a clear advantage.}) 14. Bc1 (14. Be3 $5) 14... Nb8 15. Nxe7+ Qxe7 16. Qd2 Nc6
17. b3 Rfd8 (17... b5 18. a3 Nf6 19. Nc3 Qc7 20. Na2 Qb6 21. Qb2 h6 22. Bf4 {
Leko,P (2728)-Ponomariov,R (2758)/Saratov 2011, with a very small advantage.})
18. Ba3 Qd7 19. Nc3 Nf6 20. Bb2 (20. Rac1 Ne7 21. f3 Nf5) 20... h6 21. Rac1 (
21. f3) 21... Qe7 22. Rc2 Qe8 {Gelfand,B (2743)-Tomashevsky,E (2731)/Moscow
RUS 2016, and Black neutralises the white initiative.}) 13. dxe5 Ng4 {Aiming
for a very sharp line.} ({A much safer line would be} 13... Nd7 14. e4 Rc8 15.
Nc3 d4 $1 16. Rxd4 Qc7 17. Rc1 Rfd8 18. h4 h6 19. h5 Nc5 20. Rcd1 Rxd4 21. Rxd4
Rd8 22. Rxd8+ Qxd8 23. Bf1 Bxf1 24. Kxf1 Bg5 {Volokitin,A (2687)-Baryshpolets,
A (2547)/Kiev 2013/CBM 155 (29), and Black managed to draw.}) 14. h3 ({There
was the weaker, maybe even slightly risky} 14. Bf3 f5 (14... g5 15. Bxg4 gxf4
16. gxf4 Kh8 17. Kh1 Bc5 {with the inevitable ...Qh4}) 15. exf6 Nxf6 16. Qa4
Bb7 17. Nc3 Bc5 18. Rac1 Qe7 19. Be5 Rac8 20. Qh4 {1/2 Gelfand,B (2747)
-Karjakin,S (2757)/Jurmala 2015/CBM 165 Extra}) 14... Nxf2 ({A more
complicated idea is} 14... Rc8 15. Nc3 Nxf2 16. Kxf2 Bc5+ 17. Be3 Bxe3+ 18.
Kxe3 b5 19. Qd3 Qb6+ 20. Qd4 Qb8 21. Kf2 b4 22. Nb1 f6 23. Qe3 fxe5+ 24. Kg1 e4
25. Nd2 Rc2 26. Rab1 Qe5 27. Rdc1 Rfc8 28. Nb3 Rxc1+ 29. Rxc1 Rxc1+ 30. Qxc1
Bxe2 {Cheparinov,I (2681)-Bukavshin,I (2622)/Jerusalem 2015/CBM 166 (74),
Black kept the balance.}) 15. Kxf2 Bc5+ 16. Be3 $1 {This seems to be risky,
but it is much better than} (16. Ke1 f6 17. Qa4 $2 (17. Qc3) 17... fxe5 18.
Qxa6 exf4 19. g4 Be3 {Sirosh,I (2301)-Chukavin,K (2198)/Tallinn EST 2016, and
White faces huge problems.}) 16... Bxe3+ 17. Kxe3 Rc8 ({A better try seems to
be opening the f-file immediately:} 17... f6 18. Kf2 fxe5+ 19. Kg1 Qg5 20. Kh2
h5 21. h4 Qg4 22. Nc3 Rac8 23. Rf1 b5 24. Bh3 Qd4 25. Bxe6+ Kh8 26. Qg6 {
1-0 Swinkels,R (2494)-Sasikiran,K (2680)/Eilat 2012/CBM 151}) 18. Qd2 f6 19.
Kf2 $1 {It is necessary to bring the king into safety.} fxe5+ 20. Kg1 Qe7 ({
A slightly better try was} 20... e4 21. Nc3 Qc7 22. Qe3 Qe5) 21. Nc3 Qc5+ 22.
e3 (22. Kh2 {was quite good.}) 22... Qe7 23. Rac1 h5 24. h4 {Radically
stopping Gunina's activity, even simpler was} (24. Kh2 h4 25. g4) 24... Rcd8
25. e4 $5 {An interesting way of cashing in} ({A technical way was} 25. Bf1 Bb7
26. Qe2 g6 27. Bh3) 25... d4 26. Nb1 Rf6 27. Qg5 Qd6 28. Nd2 Be2 29. Nc4 $1 {
A very active way of finishing the game!} Qb4 30. Qd2 $1 {Forcing a queen swap
and finishing the game.} Qxd2 31. Rxd2 Bxc4 32. Rxc4 g5 33. hxg5 Rg6 34. Bh3
Re8 35. Rc6 Re7 36. Kg2 Kg7 37. Rdc2 Rxg5 38. Rxe6 Rxe6 39. Bxe6 Rg6 40. Rc7+
Kf8 41. Bf5 1-0

[Event "Berliner Sommer 15th"]
[Site "Berlin"]
[Date "1997.08.13"]
[Round "5"]
[White "Mikhalevski, Victor"]
[Black "Bigaliev, Renat Damirovich"]
[Result "1-0"]
[WhiteElo "2535"]
[BlackElo "2435"]
[Annotator "Mikhalevski,V"]
[PlyCount "47"]
[EventDate "1997.08.??"]
[EventType "swiss"]
[EventRounds "9"]
[EventCountry "GER"]
[SourceTitle "CBM 059 Extra"]
[Source "ChessBase"]
[SourceDate "1997.09.26"]
[SourceVersion "1"]
[SourceVersionDate "1997.09.26"]
[SourceQuality "1"]

1. d4 Nf6 2. c4 e6 3. g3 d5 4. Nf3 Be7 5. Bg2 O-O 6. O-O c6 7. Qc2 Nbd7 8. b3
b6 9. Rd1 Bb7 10. Nc3 Rc8 11. e4 c5 12. exd5 exd5 13. Bb2 Re8 (13... dxc4 14.
d5 Ne8 15. Nb5 a6 16. Na7 Rc7 17. Nc6 Bxc6 18. dxc6 Rxc6 19. Ne5 Rd6 20. Nc6
Rxc6 21. Bxc6 Nd6 22. bxc4 Nf6 23. Be5 Qc7 24. Bg2 Rd8 25. Rd3 Ng4 26. Bf4 Bf6
27. Rad1 Bd4 28. Rxd4 cxd4 29. Rxd4 Qe7 30. h3 Ne5 31. c5 bxc5 32. Qxc5 f6 33.
Qa3 h5 34. Qxa6 Ndf7 35. Rxd8+ Nxd8 36. a4 Ng6 37. Be3 h4 38. gxh4 {Kasparov,
G-Kamsky,G/New York exh 1989/1-0 (51)}) 14. Ng5 $1 $146 {+/-} (14. cxd5 {47/601
}) (14. Qf5 {45/(615)}) (14. dxc5 Bxc5 15. Ng5 h6 16. Nh3 b5 17. Nxd5 Bxd5 18.
Bxd5 Nxd5 19. Rxd5 bxc4 20. Qf5 Re6 21. Rad1 Rc7 22. Nf4 Qe7 23. Rxd7 Bxf2+ 24.
Kg2 Rxd7 25. Rxd7 Qxd7 26. Nxe6 Bb6 27. Nd4 Qb7+ 28. Qf3 Qa6 29. Qa8+ Kh7 30.
Qe4+ Kg8 31. Qe8+ Kh7 32. Qa4 Qb7+ 33. Qc6 Qa6 34. Qxc4 Qxa2 {1-0 Dizdarevic,
E-Godena,M/Formia op 1995}) (14. cxd5 Nxd5 15. Nxd5 Bxd5 16. Qf5 Nf6 17. dxc5
Rxc5 18. Nh4 Bxg2 19. Rxd8 Rxd8 20. Qf4 Bh3 21. Rc1 Rcd5 22. Qf3 Rd2 23. Nf5
Bc5 24. Bxf6 Rxf2 25. Nh6+ gxh6 26. Qxf2 {1/2-1/2 Gorelov,S-Bagaturov,G/
Belgorod GMA-qual 1989}) 14... h6 $8 (14... cxd4 $2 15. Nxd5 $18) 15. Nh3 {
><f2;/\Nf4} cxd4 $8 16. Rxd4 Ne5 $5 (16... Bc5 17. Rdd1 $1 Ne5 18. Nxd5 $16)
17. Qd1 (17. Rad1 $142 $16) 17... Bc5 (17... Nc6 18. Rd3 $1 (18. Rd2 d4 19. Nb5
Bb4 20. Bxc6 (20. Rd3 $2 Re1+) 20... Rxc6 $44 {/^a8-h1}) 18... Ne5 (18... d4
19. Nb5 Bb4 20. Qf1 $1 $16 {><d4}) 19. Rd2 Bb4 {see 17..Bc5}) 18. Rd2 Bb4 19.
Nf4 $6 (19. Rc1 $142 {/\Nf4+/-}) (19. a3 $142 Bxc3 20. Bxc3 Qc7 21. Bxe5 Rxe5
22. cxd5 $16) 19... Qe7 $2 (19... b5 $3 20. a3 $1 (20. Nfxd5 Bxd5 $1 21. Bxd5
Qa5 $1 22. a3 (22. Rc1 bxc4 23. a3 Bxc3 24. Bxc3 Qxa3 $11) 22... Bxc3 23. b4
Qa6 24. Bxc3 Nxc4 $11) 20... Bxc3 21. Bxc3 bxc4 22. Nxd5 $1 Nxd5 23. Bxd5 Bxd5
24. Rxd5 Qc7 25. Bxe5 (25. bxc4 $5 $14) 25... Rxe5 26. bxc4 $14) 20. Ncxd5 Nxd5
21. Nxd5 Bxd5 22. Rxd5 $18 Nc6 23. Qg4 Qf8 24. Be4 1-0